| 000 | 01387nam a22002417a 4500 | ||
|---|---|---|---|
| 999 |
_c57313 _d57313 |
||
| 003 | Ge_BSU | ||
| 005 | 20200519141353.0 | ||
| 008 | 200519s2012ge xxu||||| |||| 00| 0 geo d | ||
| 020 | _a9789941106781 | ||
| 041 | _ageo | ||
| 080 | _a34(09)+32.01 ს-21 | ||
| 245 |
_aსამართლისა და პოლიტიკური აზროვნების ისტორიის ნარკვევები : _b[კრებული] წიგნი 2. / _cრედ. გოჩა ფერაძე. |
||
| 264 |
_aთბილისი : _bმერიდიანი, _c2012. |
||
| 300 |
_a726 გვ.: _c21 სმ. |
||
| 504 | _aბიბლიოგრაფია ტექსტის შენიშვნებში | ||
| 546 | _aთავფურ. მე-2 გვ. სათ. ინგლ. ენ. | ||
| 600 |
_aკრებული ეძღვნება იურიდ. მეცნ. დოქტ. დავით ფურცელაძის დაბადებიდან 110 წლისთავს. _98087 |
||
| 653 | _aქართული სამართლის ისტორია | ||
| 653 | _aქართული პოლიტიკური აზროვნება | ||
| 653 | _aსამართალი | ||
| 700 |
_aფერაძე, გოჩა _eრედაქტორი _94434 |
||
| 942 |
_2udc _cBK |
||